000 00536nam a22001697a 4500
999 _c19519
_d19519
008 240304b ||||| |||| 00| 0 eng d
020 _a9788854413047
082 _aDC 306
_bD361 2018
100 _aDe Fabianis, Valeria Manferto.
_953968
245 _a365 days of smiles /
_cValeria Manferto De Fabianis
260 _aItaly :
_bWhite star publisher,
_c©2018.
300 _a[380 pages] :
_bcolor illustrations ;
_c21 cm.
500 _aIncludes index.
650 _aHappiness.
_954341
650 _aWell-being.
_954342
942 _2ddc
_cDC